Stone work - designing with stone / (Record no. 352555)

000 -LEADER
fixed length control field 01873 a2200265 4500
003 - CONTROL NUMBER IDENTIFIER
control field OSt
005 - DATE AND TIME OF LATEST TRANSACTION
control field 20180116192338.0
008 - FIXED-LENGTH DATA ELEMENTS--GENERAL INFORMATION
fixed length control field 120525t xxu||||| |||| 00| 0 eng d
020 ## - INTERNATIONAL STANDARD BOOK NUMBER
International Standard Book Number 1864700831 (hardcover)
020 ## - INTERNATIONAL STANDARD BOOK NUMBER
International Standard Book Number 9781864700831 (hardcover)
040 ## - CATALOGING SOURCE
Transcribing agency 0
082 04 - DEWEY DECIMAL CLASSIFICATION NUMBER
Classification number 729.6
100 1# - MAIN ENTRY--PERSONAL NAME
Personal name Holzman, Malcolm.
9 (RLIN) 2206
245 10 - TITLE STATEMENT
Title Stone work - designing with stone /
Statement of responsibility, etc. Malcolm Holzman.
260 ## - PUBLICATION, DISTRIBUTION, ETC.
Place of publication, distribution, etc. Victoria :
Name of publisher, distributor, etc. Images Publishing Dist A/C,
Date of publication, distribution, etc. 2006.
300 ## - PHYSICAL DESCRIPTION
Extent 210 p. :
Other physical details ill.;
Dimensions 31 cm.
520 ## - SUMMARY, ETC.
Summary, etc. Stone's richness of texture, colour, and finish cannot be found in other materials; it is senuous to the touch, striking to the eye, and pleasing to the soul. Malcolm Holzman's Stone Work demonstrates not only that the application of stone can still result in architecture unlike that created from other materials, but also that it can be of more interest today than it has been in the recent past. His objective is to raise public awareness about the material and to inlfuence architects to explore this natural building material. Stone is not a vanishing resource, rather the opposite is true. However, making architecture with this material often requires putting aside accepted strictures and finding a means to work with, and understand, its physical qualities. Stone Work features vignettes about observing antiquities as well as commonplace structures, and about manufacturing stone and making buildings. It focuses on the role stone can play in making exceptional architecture. The book features many of Ho.
650 0# - SUBJECT ADDED ENTRY--TOPICAL TERM
Topical term or geographic name entry element Architectural design
9 (RLIN) 2207
650 0# - SUBJECT ADDED ENTRY--TOPICAL TERM
Topical term or geographic name entry element Building materials
9 (RLIN) 2208
650 0# - SUBJECT ADDED ENTRY--TOPICAL TERM
Topical term or geographic name entry element Building stones
9 (RLIN) 2209
650 0# - SUBJECT ADDED ENTRY--TOPICAL TERM
Topical term or geographic name entry element Stone
9 (RLIN) 2210
856 40 - ELECTRONIC LOCATION AND ACCESS
Materials specified Amazon.com
Uniform Resource Identifier <a href="http://www.amazon.com/exec/obidos/ASIN/1864700831/chopaconline-20">http://www.amazon.com/exec/obidos/ASIN/1864700831/chopaconline-20</a>
942 ## - ADDED ENTRY ELEMENTS (KOHA)
Institution code [OBSOLETE] SADA
Koha item type Book
Call number prefix 729.6 HOL 2006
Source of classification or shelving scheme
Holdings
Withdrawn status Lost status Source of classification or shelving scheme Damaged status Not for loan Permanent Location Current Location Date acquired Total Checkouts Total Renewals Full call number Barcode Date last seen Date last checked out Cost, replacement price Price effective from Koha item type
          School of Art Design and Architecture (SADA) School of Art Design and Architecture (SADA) 02/17/2011 6 3 729.6 HOL 2006 SADA0000651 10/29/2014 10/14/2014 4720.00 08/05/2011 Book
© 2023 Central Library, National University of Sciences and Technology. All Rights Reserved.